Score 0/104 Timer 12:00
1 Play Today
% Correct
LRR-R/I Love Lucy
86.4%
LRR-R/I Love Lucy
86.4%
LRR-R/I Love Lucy
86.4%
LRR-R/I Love Lucy
86.4%
CCB-B/The Brady Bunch
71.9%
CCB-B/The Brady Bunch
71.9%
CCB-B/The Brady Bunch
71.9%
CCB-B/The Brady Bunch
71.9%
FMN-C/Frasier
71.6%
FMN-C/Frasier
71.6%
FMN-C/Frasier
71.6%
FMN-C/Frasier
71.4%
BPK-B/Married…with …
65.6%
BPK-B/Married…with …
65.6%
BPK-B/Married…with …
65.6%
BPK-B/Married…with …
65.5%
SRC-H/The Cosby Show
64.1%
SRC-H/The Cosby Show
64.1%
SRC-H/The Cosby Show
64.1%
SRC-H/The Cosby Show
64.1%
EGA-B/All in the Family
61.1%
EGA-B/All in the Family
61.1%
EGA-B/All in the Family
61.1%
EGA-B/All in the Family
61.1%
JHR-C/Happy Days
60.6%
JHR-C/Happy Days
60.6%
JHR-C/Happy Days
60.6%
JHR-C/Happy Days
60.6%
WTJ-C/Leave it to …
59.2%
WTJ-C/Leave it to …
59.2%
WTJ-C/Leave it to …
59.2%
WTJ-C/Leave it to …
59.2%
BDD-C/Roseanne
54.1%
BDD-C/Roseanne
54%
BDD-C/Roseanne
54%
% Correct
BDD-C/Roseanne
54%
TMC-S/The Sopranos
49.8%
TMC-S/The Sopranos
49.8%
TMC-S/The Sopranos
49.8%
TMC-S/The Sopranos
49.8%
TRJ-T/Home Improv.
49.5%
TRJ-T/Home Improv.
49.5%
TRJ-T/Home Improv.
49.5%
TRJ-T/Home Improv.
49.5%
AEJ-K/Family Ties
46.5%
AEJ-K/Family Ties
46.5%
AEJ-K/Family Ties
46.5%
AEJ-K/Family Ties
46.5%
CML-I/Little House on …
41.8%
CML-I/Little House on …
41.6%
CML-I/Little House on …
41.6%
CML-I/Little House on …
41.6%
GLL-J/The Jeffersons
41.2%
GLL-J/The Jeffersons
41.2%
GLL-J/The Jeffersons
41.2%
GLL-J/The Jeffersons
41.1%
BHA-C/Bonanza
40.3%
BHA-C/Bonanza
40.3%
BHA-C/Bonanza
40.3%
BHA-C/Bonanza
40.2%
BES-E/Dallas
38.6%
BES-E/Dallas
38.4%
BES-E/Dallas
38.4%
BES-E/Dallas
38.4%
LBM-B/Arrested Devel.
31.6%
LBM-B/Arrested Devel.
31.6%
LBM-B/Arrested Devel.
31.6%
LBM-B/Arrested Devel.
31.6%
TAS-S/Bewitched
29.6%
TAS-S/Bewitched
29.6%
% Correct
TAS-S/Bewitched
29.6%
TAS-S/Bewitched
29.6%
JTK-B/24
26.3%
JTK-B/24
26.3%
JTK-B/24
26.3%
JTK-B/24
26.3%
JSA-S/Designing Women
24.3%
JSA-S/Designing Women
24.3%
JSA-S/Designing Women
24.3%
JSA-S/Designing Women
24.3%
JMG-P/Modern Family
22.6%
JMG-P/Modern Family
22.5%
JMG-P/Modern Family
22.5%
JMG-P/Modern Family
22.5%
MZJ-W/The Waltons
21.9%
MZJ-W/The Waltons
21.9%
MZJ-W/The Waltons
21.9%
MZJ-W/The Waltons
21.9%
IHB-S/Ugly Betty
20.4%
IHB-S/Ugly Betty
20.3%
IHB-S/Ugly Betty
20.3%
IHB-S/Ugly Betty
20.3%
PNA-P/Heroes
18.3%
PNA-P/Heroes
18.3%
PNA-P/Heroes
18.3%
PNA-P/Heroes
18.3%
TJN-B/Eight is Enough
15.6%
TJN-B/Eight is Enough
15.6%
TJN-B/Eight is Enough
15.6%
TJN-B/Eight is Enough
15.6%
SKS-C/The OC
14.7%
SKS-C/The OC
14.7%
SKS-C/The OC
14.7%
SKS-C/The OC
14.7%

You're not logged in!

Compare scores with friends on all Sporcle quizzes.
OR
Log In

Sporcle TV

Today on Sporcle TV


Watch our educational content, quiz creation guides, and fun videos on Sporcle TV.

Show Comments

Extras

Top Quizzes Today


Score Distribution

Paid Content

Your Account Isn't Verified!

In order to create a playlist on Sporcle, you need to verify the email address you used during registration. Go to your Sporcle Settings to finish the process.

Report this User

Report this user for behavior that violates our Community Guidelines.

Details: